[Event "Xtracon Chess Open 2017"]
[Site "Helsingor DEN"]
[Date "2017.07.25"]
[Round "5.70"]
[White "Guindy, Esmat Susanne"]
[Black "Magnusson, Magnus"]
[Result "1-0"]
[WhiteTitle "WFM"]
[WhiteElo "2158"]
[BlackElo "2005"]
[WhiteFideId "1401637"]
[BlackFideId "2302128"]
[EventDate "2017.07.22"]

1. Nf3 Nf6 2. c4 d6 3. d4 Nbd7 4. Nc3 e5 5. g3 h6 6. Bg2 c5 7. d5 Qe7 8. e4 g5
9. h3 Bg7 10. Bd2 Nf8 11. Qb3 Ng6 12. O-O-O O-O 13. h4 g4 14. Ne1 Qc7 15. Nc2 a6
16. a4 Bd7 17. Bf1 Ne7 18. Be2 Rab8 19. Ne3 h5 20. f4 exf4 21. gxf4 Ng6 22. Rdf1
Rfe8 23. Bd3 Bh6 24. e5 Nxf4 25. Rxf4 Bxf4 26. exf6 Bxe3 27. Qd1 Re5 28. Bxe3
Bf5 29. Bf4 Bxd3 30. Bxe5 Bg6 31. Qd2 Kh7 32. Bg3 Qd7 33. Qf4 b5 34. cxb5 axb5
35. Be1 Qf5 36. Qxf5 Bxf5 37. axb5 Kg6 38. Bg3 Ra8 39. Kd2 Kxf6 40. Bxd6 c4 41.
b6 Bc8 42. Re1 1-0

[Event "Xtracon Chess Open 2017"]
[Site "Helsingor DEN"]
[Date "2017.07.25"]
[Round "5.71"]
[White "Eriksson, Christian Altenburg"]
[Black "Hakansson, Stefan"]
[Result "1-0"]
[WhiteElo "2156"]
[BlackElo "1976"]
[WhiteFideId "1412159"]
[BlackFideId "1708198"]
[EventDate "2017.07.22"]

1. e4 c5 2. Nf3 Nc6 3. Bb5 g6 4. Bxc6 dxc6 5. d3 Bg7 6. h3 Nf6 7. Nc3 O-O 8. Be3
b6 9. Qd2 Re8 10. Bh6 Bh8 11. O-O Bb7 12. Ng5 Bg7 13. Bxg7 Kxg7 14. b3 h6 15.
Nf3 Qc7 16. Nh2 Rad8 17. Rae1 Bc8 18. f4 Rh8 19. Qe3 Rdg8 20. Qf3 Qd7 21. Ne2 e6
22. Ng3 Kh7 23. e5 Ne8 24. Ne4 h5 25. Qg3 Qd8 26. Nf3 Kg7 27. Rd1 Qe7 28. a4 Nc7
29. Nf6 Rd8 30. Ng5 Nd5 31. Nge4 Qb7 32. Rde1 Ne7 33. Qg5 Nf5 34. Nxh5+ Rxh5 35.
Qxd8 Ne7 36. Nd6 Qd7 37. Ne8+ 1-0

[Event "Xtracon Chess Open 2017"]
[Site "Helsingor DEN"]
[Date "2017.07.25"]
[Round "5.72"]
[White "Nilsson, Patrik1"]
[Black "Justinussen, Sigurd B."]
[Result "1-0"]
[WhiteElo "2152"]
[BlackElo "1963"]
[WhiteFideId "1708171"]
[BlackFideId "7200773"]
[EventDate "2017.07.22"]

1. e4 e5 2. Nf3 Nc6 3. c3 d6 4. d4 Bd7 5. Bc4 exd4 6. cxd4 Qe7 7. O-O h6 8. Nc3
O-O-O 9. b4 g5 10. b5 Na5 11. Bd3 Bg7 12. Qa4 b6 13. Nd5 Qe8 14. Bd2 c6 15. Bxa5
Kb7 16. Bxb6 1-0

[Event "Xtracon Chess Open 2017"]
[Site "Helsingor DEN"]
[Date "2017.07.25"]
[Round "5.73"]
[White "Larsen, Ulrik"]
[Black "Kemarsky, Alexander"]
[Result "0-1"]
[WhiteElo "1971"]
[BlackElo "2150"]
[WhiteFideId "1441167"]
[BlackFideId "2814196"]
[EventDate "2017.07.22"]

1. e4 c5 2. Nf3 d6 3. d4 cxd4 4. Nxd4 Nf6 5. Nc3 g6 6. Be3 Bg7 7. f3 Nc6 8. Bc4
O-O 9. Qd2 Bd7 10. O-O-O Rc8 11. Bb3 Ne5 12. Kb1 Nc4 13. Bxc4 Rxc4 14. g4 a6 15.
h4 h5 16. gxh5 Nxh5 17. Rhg1 b5 18. Nf5 b4 19. Nd5 Bxf5 20. exf5 e6 21. fxe6
fxe6 22. Rxg6 Qe8 23. Rdg1 exd5 24. Qxd5+ Rf7 25. Bh6 Rxh4 26. Bxg7 Nf4 27. Bf6+
Nxg6 28. Rxg6+ Kh7 29. Bxh4 Kxg6 30. Qxd6+ Kh5 31. Bf2 Rxf3 32. Qh2+ Kg4 33.
Qh4+ Kf5 34. Qh7+ Qg6 35. Qd7+ Qe6 36. Qh7+ Ke5 37. Qh8+ Qf6 38. Qh5+ Qf5 39.
Qh8+ Qf6 40. Qh5+ Kf4 41. Qh2+ Kg4 0-1

[Event "Xtracon Chess Open 2017"]
[Site "Helsingor DEN"]
[Date "2017.07.25"]
[Round "5.74"]
[White "Solli, Oddvar"]
[Black "Preuss, Flemming"]
[Result "1-0"]
[WhiteElo "1738"]
[BlackElo "1986"]
[WhiteFideId "1501208"]
[BlackFideId "1403338"]
[EventDate "2017.07.22"]

1. Nf3 f5 2. g3 d6 3. d4 Nf6 4. Bg2 g6 5. O-O Bg7 6. c4 O-O 7. Nc3 Qe8 8. d5 c6
9. Be3 h6 10. Qb3 Kh7 11. Rad1 Na6 12. Bd4 g5 13. a3 Nc7 14. Rfe1 Qh5 15. e4 f4
16. Bxf6 Bxf6 17. dxc6 bxc6 18. e5 dxe5 19. Nxe5 fxg3 20. fxg3 Bf5 21. Nxc6 Rae8
22. Nd5 Nxd5 23. Rxd5 Bg4 24. Qc2+ Kg7 25. b4 Bf3 26. Bxf3 Qxf3 27. Qd3 Qh5 28.
Nd4 Kh8 29. Ne6 Rg8 30. c5 Qf7 31. c6 Rb8 32. c7 Rbc8 33. Rd8 Re8 34. Rxc8 Rxc8
35. Qd8+ Qe8 36. Qxe8+ Rxe8 37. Rd1 Rg8 38. Nd8 1-0

[Event "Xtracon Chess Open 2017"]
[Site "Helsingor DEN"]
[Date "2017.07.25"]
[Round "5.75"]
[White "Huse, Sigurd Kjelsbol"]
[Black "Klings, Peter"]
[Result "0-1"]
[WhiteElo "1944"]
[BlackElo "2146"]
[WhiteFideId "1520717"]
[BlackFideId "4631234"]
[EventDate "2017.07.22"]

1. e4 g6 2. d4 Bg7 3. Nc3 d6 4. Be3 a6 5. Qd2 b5 6. a3 Bb7 7. f3 Nd7 8. Nh3 c6
9. Be2 h6 10. Nf2 e5 11. Rd1 Ngf6 12. dxe5 dxe5 13. O-O Qe7 14. a4 h5 15. Bg5
O-O 16. Qd6 Rfe8 17. Rd2 Nf8 18. Rfd1 Qxd6 19. Rxd6 Ne6 20. Be3 Bf8 21. R6d2 Nc5
22. Nd3 Nxd3 23. Rxd3 Bc8 24. Kf1 Be6 25. b3 Rec8 26. Bg5 Kg7 27. Be3 Ne8 28. f4
exf4 29. Bxf4 Be7 30. Bf3 b4 31. Na2 a5 32. Nc1 Kf8 33. Be5 c5 34. c4 bxc3 35.
Rxc3 c4 36. bxc4 Bb4 37. Re3 Bxc4+ 38. Be2 Bxe2+ 39. Nxe2 Ra7 40. Red3 Re7 41.
Bc3 Rxe4 42. Bxb4+ Rxb4 43. Rc3 Rxc3 44. Nxc3 Rc4 45. Rd3 Nf6 46. h3 h4 47. Kf2
Rxc3 0-1

[Event "Xtracon Chess Open 2017"]
[Site "Helsingor DEN"]
[Date "2017.07.25"]
[Round "5.76"]
[White "Nielsen, Thomas Bach2"]
[Black "Hjornevik, Knut J"]
[Result "0-1"]
[WhiteElo "2144"]
[BlackElo "1952"]
[WhiteFideId "1401785"]
[BlackFideId "1505157"]
[EventDate "2017.07.22"]

1. d4 Nf6 2. c4 e6 3. Nc3 Bb4 4. e3 O-O 5. a3 Bxc3+ 6. bxc3 b6 7. Bd3 Bb7 8. f3
c5 9. Ne2 Nc6 10. O-O Na5 11. e4 Ne8 12. f4 Rc8 13. f5 exf5 14. Rxf5 Nd6 15. Rf4
Ndxc4 16. Ng3 g6 17. Qg4 cxd4 18. cxd4 Nb3 19. Nh5 Nxa1 20. Nf6+ Kg7 21. Qh4 h6
22. Rf1 Rh8 23. Qf4 Qe7 24. d5 Nb3 25. Bxc4 Nxc1 26. e5 Rxc4 27. Qxc4 Qc5+ 28.
Qxc5 Ne2+ 29. Kf2 bxc5 30. Kxe2 Ba6+ 0-1

[Event "Xtracon Chess Open 2017"]
[Site "Helsingor DEN"]
[Date "2017.07.25"]
[Round "5.77"]
[White "Jacobsen, Per"]
[Black "Tenold, Andreas"]
[Result "0-1"]
[WhiteElo "1575"]
[BlackElo "1845"]
[WhiteFideId "1413856"]
[BlackFideId "1525840"]
[EventDate "2017.07.22"]

1. b3 d5 2. Bb2 Bf5 3. e3 e6 4. Nf3 Nf6 5. Be2 h6 6. O-O Bd6 7. d4 O-O 8. Nbd2
Nfd7 9. Rc1 c6 10. c4 f6 11. c5 Bc7 12. Ne1 e5 13. Bg4 Bh7 14. g3 f5 15. Be2 e4
16. Ng2 Qe7 17. b4 g5 18. f4 g4 19. Qc2 h5 20. b5 a6 21. b6 Bd8 22. Nb3 Rf7 23.
Rf2 Nf8 24. Rcf1 Bg6 25. Qc3 Rh7 26. Qc1 Qg7 27. Qd2 Be8 28. a4 Ng6 29. Na5 Qh6
30. Bd1 Bf6 31. Ne1 h4 32. Rg2 Kf8 33. Nc2 hxg3 34. Rxg3 Nh4 35. Ba3 Nf3+ 36.
Bxf3 exf3 37. Ne1 Bh4 0-1

[Event "Xtracon Chess Open 2017"]
[Site "Helsingor DEN"]
[Date "2017.07.25"]
[Round "5.78"]
[White "Sorensen, Bernhard W."]
[Black "Morling, Aase"]
[Result "1-0"]
[WhiteElo "1686"]
[BlackElo "1512"]
[WhiteFideId "1442074"]
[BlackFideId "1440993"]
[EventDate "2017.07.22"]

1. d4 Nf6 2. Bf4 e6 3. e3 d5 4. Nf3 Bd6 5. Bg3 O-O 6. Bd3 b6 7. c3 Bb7 8. Nbd2
Ne4 9. Bxd6 Qxd6 10. O-O c5 11. Qc2 f5 12. Ne5 Nc6 13. f4 Nxe5 14. fxe5 Qc6 15.
Rf3 Ng5 16. Rf4 c4 17. Be2 Ne4 18. Raf1 Nxd2 19. Qxd2 Rf7 20. Bd1 Raf8 21. Qf2
g6 22. Qg3 Rg7 23. Qg5 Qd7 24. Kh1 Qe7 25. Qxe7 Rxe7 26. Be2 b5 27. a3 a6 28. g4
Ref7 29. gxf5 Rxf5 30. Bg4 Rxf4 31. Rxf4 Bc8 32. Rxf8+ Kxf8 33. h4 h5 34. Bh3
Ke7 35. Kg2 a5 36. Kg3 a4 37. Kf4 Kf7 38. e4 dxe4 39. Kxe4 Bb7+ 40. Kf4 Bd5 41.
Bf1 Kg7 42. Be2 Kh6 43. Bf3 Bxf3 44. Kxf3 g5 45. hxg5+ Kxg5 46. Kg3 h4+ 47. Kh3
Kh5 48. Kh2 Kg5 49. Kg2 Kg4 50. d5 exd5 51. e6 1-0

[Event "Xtracon Chess Open 2017"]
[Site "Helsingor DEN"]
[Date "2017.07.25"]
[Round "5.79"]
[White "Bogdanov, Dimitri"]
[Black "Basson, Heinrich"]
[Result "1-0"]
[WhiteElo "2139"]
[BlackElo "1937"]
[WhiteFideId "1405829"]
[BlackFideId "14301440"]
[EventDate "2017.07.22"]

1. e4 d5 2. exd5 Qxd5 3. Nc3 Qd6 4. Bc4 Nf6 5. d4 c6 6. Bg5 Bf5 7. Nge2 Nbd7 8.
a3 e6 9. Bf4 Qe7 10. Ng3 Bg6 11. O-O Nb6 12. Bb3 Qd7 13. Be5 Be7 14. Qe2 O-O 15.
Rad1 Rad8 16. Nce4 Nxe4 17. Nxe4 Qc8 18. c4 c5 19. d5 exd5 20. cxd5 Rfe8 21. Qf3
c4 22. Bc2 Rxd5 23. Bc3 Bd8 24. Rxd5 Nxd5 25. Nd6 1-0

[Event "Xtracon Chess Open 2017"]
[Site "Helsingor DEN"]
[Date "2017.07.25"]
[Round "5.80"]
[White "Gelders, Marte"]
[Black "Hviid, Hans Henrik"]
[Result "0-1"]
[WhiteElo "1159"]
[BlackElo "1263"]
[WhiteFideId "255513"]
[BlackFideId "1425374"]
[EventDate "2017.07.22"]

1. e4 d5 2. Bd3 dxe4 3. Bxe4 Nf6 4. Nc3 Nxe4 5. Nxe4 g6 6. d4 Bg7 7. Nf3 O-O 8.
O-O Qd5 9. Re1 Nc6 10. c3 Bf5 11. Qd3 e5 12. c4 Qd7 13. Nc5 Bxd3 14. Nxd7 Rfd8
15. Ndxe5 Nxe5 16. Nxe5 Bxe5 17. dxe5 Bxc4 18. Bg5 Re8 19. b3 Bd5 20. Rad1 c6
21. f4 Re6 22. g4 Bf3 23. Rd8+ Rxd8 24. Bxd8 Bxg4 25. Bf6 a5 26. a4 b5 27. axb5
cxb5 28. Rc1 Re8 29. Rc5 Bd7 30. Rc7 Be6 31. b4 axb4 32. Rb7 Bc4 33. h4 h5 34.
e6 Bxe6 35. Rxb5 b3 36. Kf2 Rc8 37. Ke3 Kh7 38. Ke4 Bf5+ 39. Ke5 Re8+ 40. Kd6
Re6+ 41. Kc5 Rxf6 42. Rxb3 Be6 43. Rb6 Rxf4 44. Rb4 Rxb4 45. Kxb4 Bf5 46. Kc4
Kh6 47. Kd4 g5 48. hxg5+ Kxg5 49. Ke5 h4 50. Kd4 h3 51. Ke3 h2 52. Kd4 h1=Q 53.
Kc5 Be6 54. Kb4 f5 55. Kc5 f4 56. Kb5 f3 57. Kc6 f2+ 58. Kd6 Qd5+ 59. Kc7 Qc5+
60. Kb7 f1=Q 61. Ka8 Qa1+ 62. Kb7 Qb2+ 63. Ka6 Qca3# 0-1

[Event "Xtracon Chess Open 2017"]
[Site "Helsingor DEN"]
[Date "2017.07.25"]
[Round "5.81"]
[White "Sorensen, Hampus"]
[Black "Pankaj, Sindhu"]
[Result "1-0"]
[WhiteElo "2137"]
[BlackElo "1837"]
[WhiteFideId "8703884"]
[BlackFideId "46680357"]
[EventDate "2017.07.22"]

1. d4 d5 2. c4 e6 3. Nc3 Nf6 4. cxd5 Nxd5 5. e4 Nxc3 6. bxc3 c5 7. Nf3 cxd4 8.
cxd4 Bb4+ 9. Bd2 Bxd2+ 10. Qxd2 O-O 11. Bc4 Nd7 12. O-O b6 13. e5 Bb7 14. Rad1
Bxf3 15. gxf3 Qh4 16. Rfe1 Qh5 17. Qe3 Rac8 18. Bb3 Rfd8 19. Kh1 Nb8 20. d5 exd5
21. Bxd5 Nd7 22. e6 Nf6 23. exf7+ Kh8 24. Be6 Rb8 25. Rxd8+ Rxd8 26. Qa3 Qc5 27.
Qxc5 bxc5 28. Rc1 g6 29. Rxc5 Kg7 30. Rc7 Rd6 31. Rc8 Nd7 32. Bxd7 Kxf7 33. Ba4 1-0

[Event "Xtracon Chess Open 2017"]
[Site "Helsingor DEN"]
[Date "2017.07.25"]
[Round "5.82"]
[White "Voll, Oddvar U"]
[Black "Laverton, Christian"]
[Result "1/2-1/2"]
[WhiteElo "1942"]
[BlackElo "2133"]
[WhiteFideId "1533827"]
[BlackFideId "1506846"]
[EventDate "2017.07.22"]

1. e4 c5 2. Nf3 e6 3. Qe2 Nc6 4. g3 g6 5. Bg2 Bg7 6. O-O Nge7 7. c3 O-O 8. d3 d5
9. e5 Rb8 10. Be3 b6 11. d4 cxd4 12. cxd4 Nf5 13. Nbd2 Qe7 14. a3 Bd7 15. b4 f6
16. b5 Nxe3 17. fxe3 Na5 18. exf6 Bxf6 19. e4 Qg7 20. e5 Be7 21. a4 Rbc8 22.
Rfc1 Bb4 23. Qd3 Rfd8 24. Nb3 Qh6 25. Nfd2 Qg5 26. Nf3 Qe7 27. Nxa5 Bxa5 28. Qe3
Be8 29. Bh3 Bd7 30. Rxc8 Rxc8 31. Rc1 Rc4 32. Ng5 Rxc1+ 33. Qxc1 h6 34. Nf3 Qf8
35. Kg2 g5 36. Qc7 Qc8 37. Qd6 Qc2+ 38. Kh1 Qc1+ 39. Ng1 Qc8 40. Bg4 Qe8 41. h3
Bc3 42. Ne2 Qf7 43. Kg2 Be1 44. Bf3 h5 45. g4 hxg4 46. hxg4 Be8 47. Qd8 Qg6 48.
Qe7 Bf7 49. Qxa7 Qd3 50. Qxb6 Qe3 51. Qd8+ Kh7 52. Ng1 Qf2+ 53. Kh1 Qh4+ 54. Kg2
Qg3+ 55. Kh1 Bf2 56. Bg2 Bxg1 57. Kxg1 Qe1+ 1/2-1/2

[Event "Xtracon Chess Open 2017"]
[Site "Helsingor DEN"]
[Date "2017.07.25"]
[Round "5.83"]
[White "Storme, Isak"]
[Black "Nordin, Eric"]
[Result "1-0"]
[WhiteElo "2129"]
[BlackElo "1781"]
[WhiteFideId "1728113"]
[BlackFideId "1711822"]
[EventDate "2017.07.22"]

1. d4 d6 2. e4 Nf6 3. f3 g6 4. c4 Nbd7 5. Nc3 c5 6. Nge2 Bg7 7. Be3 O-O 8. d5
Nb6 9. Ng3 Re8 10. Be2 Bd7 11. O-O h5 12. Qd2 e5 13. Bg5 Qc8 14. f4 Nh7 15. f5
f6 16. fxg6 Nxg5 17. Nxh5 Rf8 18. h4 Nh3+ 19. gxh3 Bxh3 20. Qe3 Bxf1 21. Rxf1
Nxc4 22. Bxc4 Qg4+ 23. Ng3 Qxg6 24. h5 Qg5 25. Qxg5 fxg5 26. Rxf8+ Bxf8 27. Nb5
a6 28. Nc7 Rd8 29. Ne6 Rd7 30. Nf5 Rh7 31. Be2 Be7 32. h6 b5 33. Bh5 Bf6 34. Bg6
Rb7 35. Nxd6 Rd7 36. h7+ Kh8 37. Nf7+ Rxf7 38. Bxf7 1-0

[Event "Xtracon Chess Open 2017"]
[Site "Helsingor DEN"]
[Date "2017.07.25"]
[Round "5.84"]
[White "Degerfeldt, Sven"]
[Black "Celander, Jesper"]
[Result "0-1"]
[WhiteElo "1935"]
[BlackElo "2127"]
[WhiteFideId "1717430"]
[BlackFideId "1705342"]
[EventDate "2017.07.22"]

1. d4 Nf6 2. c4 c5 3. d5 d6 4. Nc3 g6 5. e4 Bg7 6. Nf3 O-O 7. Be2 Na6 8. O-O Nc7
9. h3 Rb8 10. Re1 a6 11. a4 b6 12. Bf1 Bd7 13. e5 Nfe8 14. Bf4 b5 15. axb5 axb5
16. Qd2 bxc4 17. Bxc4 Rb4 18. b3 Bf5 19. g4 Bc8 20. Kg2 Qd7 21. Rh1 Bb7 22. Rad1
Ba6 23. Qd3 Rxb3 24. Bxa6 Nxa6 25. Qc2 Rb4 26. Bg3 Rb7 27. Ne4 Nb4 28. Qc4 Rb6
29. Rd2 Na6 30. Re2 Qb7 31. Ra1 Nac7 32. Rd1 h6 33. Nc3 Rb4 34. Qd3 Rb3 35. Qc2
dxe5 36. Bxe5 Bxe5 37. Rxe5 Qb4 38. Ne4 Nd6 39. Nxd6 exd6 40. Re7 Nb5 41. Rde1
Rxf3 42. R1e4 Qb3 43. Qe2 Rf6 44. Re8 Qxd5 45. f3 Nd4 0-1

[Event "Xtracon Chess Open 2017"]
[Site "Helsingor DEN"]
[Date "2017.07.25"]
[Round "5.85"]
[White "Kolvig, Bent"]
[Black "Vestergaard, Jorn"]
[Result "1-0"]
[WhiteElo "2230"]
[BlackElo "1661"]
[WhiteFideId "1400746"]
[BlackFideId "1419480"]
[EventDate "2017.07.22"]

1. d4 d5 2. c4 c6 3. Nf3 Nf6 4. Nc3 e6 5. e3 Be7 6. Qc2 Qc7 7. b3 Nbd7 8. Bb2
O-O 9. O-O-O dxc4 10. bxc4 Qa5 11. e4 Ba3 12. e5 Ne8 13. Bd3 g6 14. h4 Qb4 15.
h5 Qxb2+ 16. Qxb2 Bxb2+ 17. Kxb2 Kg7 18. Ne4 Rh8 19. Nfg5 Nf8 20. h6+ Kg8 21.
Rh4 Nd7 22. Rf4 f6 23. exf6 Ndxf6 24. Nxf6+ 1-0

[Event "Xtracon Chess Open 2017"]
[Site "Helsingor DEN"]
[Date "2017.07.25"]
[Round "5.86"]
[White "Mehringer, Joerg"]
[Black "Quinones-Maletti, Julio Guillerm"]
[Result "1/2-1/2"]
[WhiteElo "1918"]
[BlackElo "2200"]
[WhiteFideId "12915351"]
[BlackFideId "1462318"]
[EventDate "2017.07.22"]

1. e4 c5 2. g3 d5 3. exd5 Qxd5 4. Nf3 Bg4 5. Bg2 Qe6+ 6. Kf1 Nc6 7. h3 Bh5 8. d3
Qd7 9. g4 Bg6 10. Nh4 e5 11. Nc3 Be7 12. Nxg6 hxg6 13. Nd5 Bh4 14. Be3 Nce7 15.
Qf3 Nxd5 16. Qxd5 Qxd5 17. Bxd5 Ne7 18. Bxb7 Rb8 19. Bf3 Rxb2 20. Kg2 O-O 1/2-1/2

[Event "Xtracon Chess Open 2017"]
[Site "Helsingor DEN"]
[Date "2017.07.25"]
[Round "5.87"]
[White "Rolvag, Mikael"]
[Black "Mansoor, Afras"]
[Result "1/2-1/2"]
[WhiteElo "2182"]
[BlackElo "1917"]
[WhiteFideId "1500481"]
[BlackFideId "1522108"]
[EventDate "2017.07.22"]

1. c4 b6 2. d4 f5 3. Nc3 Nf6 4. Nf3 Bb7 5. a3 e6 6. d5 Be7 7. g3 O-O 8. Bg2 a5
9. O-O Na6 10. Nd4 Nc5 11. Bf4 Nh5 12. Bd2 1/2-1/2

[Event "Xtracon Chess Open 2017"]
[Site "Helsingor DEN"]
[Date "2017.07.25"]
[Round "5.88"]
[White "Sandberg, Martin"]
[Black "Ivarsson, Torbjorn"]
[Result "0-1"]
[WhiteElo "1893"]
[BlackElo "2145"]
[WhiteFideId "1707159"]
[BlackFideId "1705865"]
[EventDate "2017.07.22"]

1. d4 e6 2. c4 b6 3. e4 Bb7 4. Bd3 Bb4+ 5. Kf1 Bf8 6. Nc3 g6 7. Be3 Bg7 8. Qd2
d6 9. Nge2 Nc6 10. Rd1 Nge7 11. f3 Qd7 12. a3 f5 13. Kg1 O-O-O 14. b4 g5 15. c5
dxc5 16. dxc5 f4 17. b5 Ne5 18. c6 Qxd3 19. cxb7+ Kxb7 20. Qxd3 Nxd3 21. Bf2 h5
22. g3 Ng6 23. Kg2 Rhf8 24. Rhf1 Be5 25. Be1 fxg3 26. hxg3 h4 27. gxh4 gxh4 28.
Rh1 Ngf4+ 29. Kf1 Nxe2 30. Nxe2 Rxf3+ 31. Kg1 Rg8+ 0-1

[Event "Xtracon Chess Open 2017"]
[Site "Helsingor DEN"]
[Date "2017.07.25"]
[Round "5.89"]
[White "Christiansen, Jens Jorgen"]
[Black "Nielsen, Carsten Juul"]
[Result "1-0"]
[WhiteElo "2131"]
[BlackElo "1886"]
[WhiteFideId "1401670"]
[BlackFideId "1402242"]
[EventDate "2017.07.22"]

1. d4 Nf6 2. Nf3 e6 3. g3 c5 4. Bg2 d5 5. O-O Nc6 6. e3 Qb6 7. c4 cxd4 8. cxd5
Nxd5 9. exd4 Bd6 10. Nc3 O-O 11. Qd3 Ncb4 12. Qe2 Bd7 13. a3 Nxc3 14. bxc3 Nd5
15. c4 Qa6 16. Re1 Nf6 17. Ne5 Ba4 18. Bf4 Rfd8 19. Rab1 Bc6 20. Bxc6 bxc6 21.
Nxf7 1-0

[Event "Xtracon Chess Open 2017"]
[Site "Helsingor DEN"]
[Date "2017.07.25"]
[Round "5.90"]
[White "Stern, Geoffrey"]
[Black "Lahlum, Hans Olav"]
[Result "1/2-1/2"]
[WhiteElo "1897"]
[BlackElo "2131"]
[WhiteFideId "4002679"]
[BlackFideId "1501348"]
[EventDate "2017.07.22"]

1. d4 d5 2. Nc3 e6 3. Nf3 Nf6 4. Bg5 Be7 5. Bxf6 Bxf6 6. e4 O-O 7. Be2 c5 8.
exd5 cxd4 9. Nxd4 exd5 10. O-O Nc6 11. Nf3 Be6 12. Qd2 Qa5 13. Nd1 Qxd2 14. Nxd2
Rac8 15. Nb3 Bf5 16. Ne3 Be4 17. f3 Bg6 18. c3 Rfe8 19. Kf2 Rcd8 20. Rfe1 h5 21.
Bb5 a6 22. Bxc6 bxc6 23. Rad1 Rb8 24. Rd2 Bg5 25. g3 Bd8 26. Nd4 Rc8 27. Rde2
Bb6 28. Kg2 Bd3 29. Rd2 Bg6 30. Rde2 Bd3 31. Rd2 Bg6 32. Rde2 1/2-1/2

[Event "Xtracon Chess Open 2017"]
[Site "Helsingor DEN"]
[Date "2017.07.25"]
[Round "5.91"]
[White "Skjoldager, Per"]
[Black "Moller, Arne Vang"]
[Result "1-0"]
[WhiteElo "2126"]
[BlackElo "1890"]
[WhiteFideId "1408828"]
[BlackFideId "1406175"]
[EventDate "2017.07.22"]

1. e4 c5 2. c3 d5 3. exd5 Qxd5 4. d4 Nc6 5. Nf3 Bg4 6. dxc5 Qxd1+ 7. Kxd1 O-O-O+
8. Nd2 Ne5 9. Be2 Nxf3 10. Bxf3 Bxf3+ 11. gxf3 g6 12. Kc2 h5 13. Ne4 Nh6 14. Be3
Bg7 15. Rad1 Nf5 16. Ng5 Nxe3+ 17. fxe3 Rxd1 18. Rxd1 f6 19. Ne6 Bh6 20. Kd3 Kd7
21. Nf4 Bxf4 22. exf4 Kc6 23. Kc4 b5+ 24. cxb6 axb6 25. a4 Ra8 26. b3 Ra5 27.
Rd4 Rf5 28. Kd3 e5 29. Rc4+ Kd5 30. Ke3 g5 31. fxg5 fxg5 32. Rb4 Kc6 33. h4 Kc5
34. hxg5 Rxg5 35. Rh4 Kc6 36. b4 Kc7 37. Ke4 Kc6 38. c4 Kd6 39. Rh1 Kc6 40. Rh2
Kd6 41. Rh3 Kc6 42. a5 bxa5 43. bxa5 Kc5 44. a6 Kb6 45. Kd5 Kxa6 46. Ke6 Kb6 47.
Kf6 Rg1 48. Kxe5 Kc5 49. Rxh5 Kxc4 50. f4 Kc5 51. Ke6+ Kc6 52. Re5 Kc7 53. Rd5
Re1+ 54. Kf6 Kc6 55. Rd2 Rf1 56. f5 Rf3 57. Ke6 Re3+ 58. Kf7 Rf3 59. f6 Rf1 60.
Ke7 Re1+ 61. Kf8 1-0

[Event "Xtracon Chess Open 2017"]
[Site "Helsingor DEN"]
[Date "2017.07.25"]
[Round "5.92"]
[White "Kvamme, John A"]
[Black "Larsen, Preben R."]
[Result "1-0"]
[WhiteElo "2116"]
[BlackElo "1860"]
[WhiteFideId "1500562"]
[BlackFideId "1425790"]
[EventDate "2017.07.22"]

1. Nf3 Nf6 2. g3 d5 3. Bg2 c6 4. O-O e6 5. d3 Be7 6. Nbd2 O-O 7. e4 dxe4 8. dxe4
Nbd7 9. e5 Ng4 10. Qe2 Qc7 11. Nc4 b5 12. Nd4 Ngxe5 13. Nxe5 Qxe5 14. Qxe5 Nxe5
15. Bf4 f6 16. Bxe5 fxe5 17. Nxc6 Bc5 18. b4 Bb6 19. Ne7+ Kf7 20. Bxa8 Kxe7 21.
Be4 Kf6 22. Rad1 g6 23. Rd3 Ke7 24. Kg2 Bd7 25. f3 Rc8 26. c3 Rc4 27. Rfd1 Be8
28. h4 h6 29. g4 Kf6 30. Kg3 Ke7 31. Kg2 Kf6 32. Kf1 Ke7 33. Ke2 Kf6 34. Rf1 Ke7
35. Kd1 Bf7 36. Kc2 Be8 37. Kb3 Kf6 38. Rd2 Ke7 39. Rfd1 Kf6 40. Rd6 Ke7 41.
R6d2 Kf6 42. Rg2 Ke7 43. Re1 Bc7 44. Bd3 Rf4 45. Be4 a5 46. bxa5 Bxa5 47. Rc1
Bb6 48. c4 bxc4+ 49. Rxc4 h5 50. Bb7 Bd4 51. a4 Kd6 52. Rc8 hxg4 53. Rxg4 Rf7
54. Be4 Re7 55. Rb8 Rh7 56. Rxe8 1-0

[Event "Xtracon Chess Open 2017"]
[Site "Helsingor DEN"]
[Date "2017.07.25"]
[Round "5.93"]
[White "Eriksson, Kristian"]
[Black "Undheim, Bjarne"]
[Result "1/2-1/2"]
[WhiteElo "2093"]
[BlackElo "1882"]
[WhiteFideId "1705172"]
[BlackFideId "1506862"]
[EventDate "2017.07.22"]

1. e4 d5 2. exd5 Nf6 3. c4 e6 4. dxe6 Bxe6 5. Be2 Nc6 6. Nf3 Bc5 7. O-O O-O 8.
Nc3 Qd6 9. Nb5 Qe7 10. d4 Rfd8 11. d5 a6 12. Nc3 Bg4 13. Bg5 Bxf3 14. Bxf3 Qe5
15. Bxf6 Qxf6 16. Ne4 Qe7 17. Nxc5 Qxc5 18. b3 Ne5 19. Re1 f6 20. Bg4 Nxg4 21.
Qxg4 Re8 22. Qd7 Kf8 23. Qf5 Kg8 24. Re6 Re7 25. Rae1 Rae8 26. g3 c6 27. Qd3 Qb4
28. Rxe7 Rxe7 29. Rxe7 Qxe7 30. d6 Qd7 31. c5 g6 32. h4 Kg7 33. Kg2 h5 34. Qe4
Kf7 35. Qc4+ Kg7 36. Qb4 Kf7 37. Qe4 Kg7 38. b4 Kf7 39. Qe3 Kg7 40. Kg1 Qf7 41.
Qd4 Qd7 42. Kg2 Kf7 43. Qe4 Kg7 44. f3 Qf7 45. Qe2 Qd7 46. g4 hxg4 47. fxg4 Qf7
48. Qe7 Qxe7 49. dxe7 Kf7 50. Kf3 Kxe7 51. Ke4 Kf7 52. Kf4 Kg7 53. h5 Kh6 54.
hxg6 Kxg6 55. a3 1/2-1/2

[Event "Xtracon Chess Open 2017"]
[Site "Helsingor DEN"]
[Date "2017.07.25"]
[Round "5.94"]
[White "Trost, Edvin"]
[Black "Madsen, Michael B."]
[Result "1/2-1/2"]
[WhiteElo "1887"]
[BlackElo "2092"]
[WhiteFideId "1729519"]
[BlackFideId "1413031"]
[EventDate "2017.07.22"]

1. e4 c5 2. Nf3 d6 3. d4 cxd4 4. Nxd4 Nf6 5. Nc3 Bd7 6. f3 g6 7. Be3 Nc6 8. Qd2
h5 9. h4 Bg7 10. O-O-O a6 11. Kb1 b5 12. Nxc6 Bxc6 13. Nd5 Nxd5 14. exd5 Bd7 15.
Bd4 Bf6 16. Bxf6 exf6 17. Re1+ Kf8 18. Qd4 Kg7 19. g4 hxg4 20. fxg4 Re8 21. Bd3
Re5 22. h5 Qe7 1/2-1/2